Развитие теоретических основ и разработка способов холодного одноосного прессования порошковых материалов с применением ультразвукового воздействия: автореферат диссертации на соискание ученой степени кандидата физико-математических наук:; Спец. 01.04.07

Bibliografiska uppgifter
Huvudupphovsman: Двилис Э. С. Эдгар Сергеевич
Institutionell upphovsman: Томский политехнический университет (595)
Övriga upphovsmän: Хасанов О. Л. Олег Леонидович (научный руководитель)
Språk:ryska
Publicerad: Томск, [Б. и.], 2002
Ämnen:
Materialtyp: Bok
KOHA link:https://koha.lib.tpu.ru/cgi-bin/koha/opac-detail.pl?biblionumber=41769

MARC

LEADER 00000nam0a2200000 4500
001 41769
005 20231219125218.0
035 |a (RuTPU)RU\TPU\book\42899 
090 |a 41769 
100 |a 20020701d2002 k y0rusy50 ca 
101 0 |a rus 
102 |a RU 
105 |a y dm 001zy 
200 1 |a Развитие теоретических основ и разработка способов холодного одноосного прессования порошковых материалов с применением ультразвукового воздействия  |e автореферат диссертации на соискание ученой степени кандидата физико-математических наук:  |e Спец. 01.04.07  |f Э. С. Двилис  |g Томский политехнический университет ; науч. рук. О. Л. Хасанов 
210 |a Томск  |c [Б. и.]  |d 2002 
215 |a 22 с. 
320 |a Библиогр.: с. 20-22 (30 назв.) 
452 1 |0 (RuTPU)RU\TPU\book\44024  |t Развитие теоретических основ и разработка способов холодного одноосного прессования порошковых материалов с применением ультразвукового воздействия  |o автореферат диссертации на соискание ученой степени кандидата технических наук  |f Э. С. Двилис  |g Томский политехнический университет ; науч. рук. О. Л. Хасанов  |c Томск  |n Б. и.  |d 2002  |a Двилис, Эдгар Сергеевич 
610 1 |a порошковая металлургия 
610 1 |a порошки 
610 1 |a ультразвуковые методы 
610 1 |a экспериментальные исследования 
610 1 |a внешнее воздействие 
610 1 |a параметры 
610 1 |a прессование 
610 1 |a напряженно-деформированное состояние 
610 1 |a физические эффекты 
610 1 |a авторефераты диссертаций 
610 1 |a труды учёных ТПУ 
675 |a 621.762.4.04(04)  |v 3 
686 |a 01.04.07  |2 oksvnk 
700 1 |a Двилис  |b Э. С.  |c химик-технолог  |c старший научный сотрудник Томского политехнического университета, профессор, доктор физико-математических наук  |f 1969-  |g Эдгар Сергеевич  |3 (RuTPU)RU\TPU\pers\26838  |9 12457 
702 1 |a Хасанов  |b О. Л.  |c российский ученый-физик, специалист в области наноматериалов  |c профессор Томского политехнического университета, доктор технических наук  |c директор Нано-Центра ТПУ, заведующий кафедрой наноматериалов и нанотехнологий  |f 1958-  |g Олег Леонидович  |3 (RuTPU)RU\TPU\pers\26436  |4 727 
712 0 2 |a Томский политехнический университет  |3 (RuTPU)RU\TPU\col\376  |4 595 
801 1 |a RU  |b 63413507  |c 20020701  |g PSBO 
801 2 |a RU  |b 63413507  |c 20110923  |g PSBO 
942 |c BK